000 00402nam a2200157Ia 4500
008 240729s9999 xx 000 0 und d
022 _a2590-0374
245 0 _aResults in Applied Mathematics
260 _aUnited States
260 _bElsevier
650 _a Mathematics
650 _aScience
856 _uhttps://doaj.org/toc/5629ccd4af4046c9b4f09b11d4b413be
942 _2ddc
942 _cDOAJEJ
999 _c71754
_d71754
945 _a1
_bMadushi Gamage
_c1
_dMadushi Gamage